Estadísticas para Adivinar las Películas por Escenas #1

Haz click aquí para intentar la prueba.

Estadísticas generales

  • Esta prueba ha sido intentada 219 veces
    (218 desde el último reinicio)
  • La puntuación promedio es 6 de 20

Estadísticas de respuestas

Respuesta% Correcto
Back To The Future
98%
The Pianist
64%
Barbie
58%
Matilda
48%
The Terminator
44%
Inception
43%
John Wick
33%
Love Actually
27%
Cruella
25%
Bicentennial Man
23%
Superbad
17%
Racing Bull
16%
Carrie
15%
The Fifth Element
11%
Triangle Of Sadness
10%
Annie Hall
9%
Willy Wonka & The Chocolate Factory
9%
Footloose
4%
The Merchant Of Venecia
3%
The Wicker Man
3%

Distribución de puntuación

Porcentaje por número respondido

Porcentaje de gente con cada puntuación

Historial de tus puntuaciones

No has intentado esta prueba desde el último reinicio